Využitie CAx technológií v podniku ISIS Industry s.r.o. pri výrobe hriadeľovej súčiastky s tvarovými prvkami

Salvato in:
Dettagli Bibliografici
Autore principale: Skurský, Igor (Autore)
Altri autori: Peterka, Jozef (Relatore della tesi)
Natura: Manoscritto Libro
Lingua:slovacco
Pubblicazione: 2025
Soggetti:
Accesso online:http://is.stuba.sk/zp/portal_zp.pl?podrobnosti=186240
Tags: Aggiungi Tag
Nessun Tag, puoi essere il primo ad aggiungerne!!

MARC

LEADER 00000ntm a22000003a 4500
001 stuzp103894
003 SK-STU
005 20250614212330.6
007 ta
008 150427s2015----xo-----f-mn---000-0-slo-d
040 |a STU  |b slo 
041 0 |a slo 
100 1 |a Skurský, Igor  |u 063000  |4 aut  |U MTF Materiálovotechnologická fakulta  |T MTF Ústav výrobných technológií  |X 111776  |U M3000  |Y 83  |7 111776 
242 0 1 |a Use of CAx technologies in ISIS Industry s.r.o. in the production of a shaft part with shaped elements  |y eng 
245 1 0 |a Využitie CAx technológií v podniku ISIS Industry s.r.o. pri výrobe hriadeľovej súčiastky s tvarovými prvkami 
260 |c 2025 
650 4 |a shaft  |2 eng 
650 4 |a CNC lathe  |2 eng 
650 4 |a CAM  |2 eng 
650 4 |a CAD  |2 eng 
650 4 |a hriadeľ  |2 slo 
650 4 |a CNC sústruh  |2 slo 
650 4 |a CAM  |2 slo 
650 4 |a CAD  |2 slo 
700 1 |a Peterka, Jozef  |u 063200  |k Z1  |4 ths  |U MTF Ústav výrobných technológií  |T MTF Katedra obrábania a počítačovej podpory technológií  |X 278  |U M3200  |Y 164  |7 A000000278 
856 4 |u http://is.stuba.sk/zp/portal_zp.pl?podrobnosti=186240 
996 |c M* DP-15640  |l MMSKP  |s P  |a 0  |w stuzp103894_0001